00222nam a2200085Ia 4500001000800000005001700008008004100025245004900066260002100115115527920250827011200.0250824s9999 xx 000 0 und d 0aTEKNOLOJİ FELSEFESİcSTIG BORSEN HANSEN  bKETEBE YAYINLARI